| 000 | 00666nam a2200217 i 4500 | ||
|---|---|---|---|
| 001 | 144966 | ||
| 003 | ES-MaACL | ||
| 005 | 20230906201133.0 | ||
| 007 | t| | ||
| 008 | 070214s1971 sp |||| | spa d | ||
| 080 | _a308(47)"1953/.." | ||
| 080 | _a338(47)"1953/.." | ||
| 100 | 1 |
_aSimon, Sacha. _9106534 |
|
| 245 | 1 | 3 |
_aEl desafío soviético / _cSacha Simon ; versión de Domingo Santos. |
| 260 |
_aBarcelona : _bDronte, _c1971. |
||
| 300 |
_a324 p. ; _c21 cm. |
||
| 651 | 4 |
_aURSS- _xSituación social- _y1945-1989. _9144379 |
|
| 651 | 4 |
_aURSS- _xSituación económica- _y1945-1989. _9144380 |
|
| 700 | 1 |
_aSantos, Domingo. _9103468 |
|
| 852 |
_aES-MaACL _jC-39138 |
||
| 999 |
_c144966 _d144966 |
||